Hình học họa hình; T1

Gorde:
Xehetasun bibliografikoak
Egile nagusia: Nguyễn Đình Điện
Formatua: Liburua
Hizkuntza:Undetermined
Argitaratua: Hà Nội ĐH và THCN 1977
Gaiak:
Etiketak: Etiketa erantsi
Etiketarik gabe, Izan zaitez lehena erregistro honi etiketa jartzen!
Thư viện lưu trữ: Trung tâm Học liệu Trường Đại học Cần Thơ
LEADER 00519nam a2200181Ia 4500
001 CTU_40144
008 210402s9999 xx 000 0 und d
082 |a 516.6 
082 |b Đ305/T1/1977 
100 |a Nguyễn Đình Điện 
245 0 |a Hình học họa hình; T1 
245 0 |c Nguyễn Đình Điện 
260 |a Hà Nội 
260 |b ĐH và THCN 
260 |c 1977 
650 |a geometry, descriptive 
904 |i Minh, 010203 
980 |a Trung tâm Học liệu Trường Đại học Cần Thơ